| 000 | 01096nam a22003017a 4500 | ||
|---|---|---|---|
| 003 | CHAP | ||
| 005 | 20220329134133.0 | ||
| 008 | 971013s1969 cu r 00010 spa d | ||
| 010 | _a15974 | ||
| 011 | _a16946 | ||
| 035 | _a21028 | ||
| 040 | _cCHAP | ||
| 090 | _aFolleto 327 | ||
| 110 | 2 |
_aBiblioteca Nacional José Martí. La Habana _912448 |
|
| 245 | 1 | _aBibliografía sobre alimentación del ganado | |
| 260 |
_aLa Habana : _bLa Biblioteca, _c1969 |
||
| 300 | _a55 p. | ||
| 490 |
_aBiblioteca Nacional José Martí. La Habana. Folletos de Divulgación Técnica y Cinetífica _v; 25 |
||
| 590 |
_aBATCH-UPD _b10 _c20130110 _lUCH01 _h2130 |
||
| 590 |
_aBATCH-UPD _b10 _c20130410 _lUCH01 _h1440 |
||
| 590 |
_aBATCH-UPD _b10 _c20130914 _lUCH01 _h0621 |
||
| 590 |
_aCONVERSION _b10 _c20130109 _lUCH01 _h1310 |
||
| 650 | 1 | 4 |
_aAlimentos y alimentacion del ganado _xBibliografia. _94328 |
| 830 | 0 |
_aBiblioteca Nacional José Martí. La Habana. Folletos de Divulgación Técnica y Cinetífica _v; 25 _912452 |
|
| 901 | _aBK | ||
| 942 | _cFOLL | ||
| 949 |
_aFolleto 327 _bBC _cFOLL _d-49076 _eTS1 _i21028 _mD _si |
||
| 999 |
_c15974 _d15974 |
||